[Event "St Petersburg Spring op"]
[Site "St Petersburg"]
[Date "2011.03.31"]
[Round "9"]
[White "Komarov, Andrei"]
[Black "Osmanov, Magomed"]
[Result "1/2-1/2"]
[WhiteElo "1979"]
[BlackElo "1847"]
[PlyCount "77"]
[EventDate "2011.03.23"]
[EventType "swiss"]
[EventRounds "9"]
[EventCountry "RUS"]
[SourceTitle "CBM 141 Extra"]
[Source "ChessBase"]
[SourceDate "2011.05.03"]
[SourceVersion "1"]
[SourceVersionDate "2011.05.03"]
[SourceQuality "1"]

1. c4 Nf6 2. Nf3 g6 3. g3 Bg7 4. Bg2 0-0 5. 0-0 d6 6. Nc3 e5 7. d3 Ne8 8. Rb1 f5 9. Nd2 f4 10. c5 Nc6 11. b4 Kh8 12. cxd6 cxd6 13. Nd5 Nc7 14. Nxc7 Qxc7 15. a3 Be6 16. Bb2 Rac8 17. Ne4 Qd7 18. b5 Ne7 19. d4 Rfd8 20. Ng5 Bg8 21. dxe5 dxe5 22. Qxd7 Rxd7 23. gxf4 exf4 24. Bxg7+ Kxg7 25. Bh3 Nf5 26. e4 fxe3 27. fxe3 Rcd8 28. e4 Ne3 29. Bxd7 Nxf1 30. Ne6+ Bxe6 31. Bxe6 Ne3 32. b6 a6 33. Kf2 Nc2 34. Bd5 Nxa3 35. Rc1 Rb8 36. Rc7+ Kh6 37. Rxb7 Rxb7 38. Bxb7 Nc4 39. Bxa6 1/2-1/2

[Event "St Petersburg Spring op"]
[Site "St Petersburg"]
[Date "2011.03.25"]
[Round "3"]
[White "Tskhadadze, Anna"]
[Black "Komarov, Andrei"]
[Result "0-1"]
[WhiteElo "1755"]
[BlackElo "1979"]
[PlyCount "92"]
[EventDate "2011.03.23"]
[EventType "swiss"]
[EventRounds "9"]
[EventCountry "RUS"]
[SourceTitle "CBM 141 Extra"]
[Source "ChessBase"]
[SourceDate "2011.05.03"]
[SourceVersion "1"]
[SourceVersionDate "2011.05.03"]
[SourceQuality "1"]

1. d4 Nf6 2. c4 d6 3. Nc3 c6 4. e4 e5 5. d5 Be7 6. Bd3 0-0 7. Nge2 cxd5 8. exd5 Nh5 9. Ng3 Nf4 10. Bxf4 exf4 11. Nge2 Bg5 12. Qc2 g6 13. Ne4 Bh6 14. h4 f5 15. Nd2 Na6 16. Qc3 Nc5 17. Bc2 Re8 18. Qf3 Qe7 19. Kf1 Ne4 20. Nxe4 fxe4 21. Qb3 Bg4 22. Nc3 e3 23. Ne4 f3 24. g3 Bf5 25. h5 Bxe4 26. hxg6 Bxc2 27. Qxc2 exf2 28. gxh7+ Kh8 29. Qxf2 Qe2+ 30. Qxe2 fxe2+ 31. Ke1 Bg7 32. Rb1 Re4 33. Rh2 Rae8 34. Rf2 Be5 35. Rg2 Kxh7 36. Rc1 Bxb2 37. Rc2 Ba3 38. Rgxe2 Rxe2+ 39. Rxe2 Rxe2+ 40. Kxe2 Kg6 41. Kf3 Bc5 42. Kg4 b6 43. a4 a5 44. Kf4 Bd4 45. Kg4 Be5 46. Kh4 Kf5 0-1

[Event "Chigorin Memorial 17th"]
[Site "St Petersburg"]
[Date "2009.10.24"]
[Round "9"]
[White "Komarov, Andrei"]
[Black "Fokin, Anatoly"]
[Result "1-0"]
[WhiteElo "2020"]
[BlackElo "1912"]
[PlyCount "140"]
[EventDate "2009.10.16"]
[EventType "swiss"]
[EventRounds "9"]
[EventCountry "RUS"]
[SourceTitle "CBM 132 Extra"]
[Source "ChessBase"]
[SourceDate "2009.11.03"]
[SourceVersion "1"]
[SourceVersionDate "2009.11.03"]
[SourceQuality "1"]

1. e4 d5 2. exd5 Nf6 3. d4 Nxd5 4. Nf3 g6 5. c4 Nb6 6. Nc3 Bg7 7. c5 Nd5 8. Bc4 c6 9. 0-0 0-0 10. Re1 b6 11. Bg5 Re8 12. Ne4 f6 13. Bh4 b5 14. Bb3 Be6 15. Bg3 Bf7 16. a4 b4 17. a5 h6 18. Ned2 Na6 19. Bc2 Qc8 20. Nh4 Kh7 21. Qb1 f5 22. Nxf5 Bf6 23. Be5 Nac7 24. Bxf6 exf6 25. Nd6 Rxe1+ 26. Qxe1 Qf8 27. Ba4 Be8 28. Qe4 Bd7 29. N2c4 Qe7 30. Qxe7+ Nxe7 31. Ne3 Rb8 32. b3 Ned5 33. Nxd5 Nxd5 34. Kf1 Kg7 35. Ke1 Nc3 36. Kd2 f5 37. Nc4 Kf6 38. Ne5 Ne4+ 39. Ke3 Nxc5 40. Nxd7+ Nxd7 41. Bxc6 Ke7 42. Bxd7 Kxd7 43. Kd3 Rc8 44. Ra4 Rc3+ 45. Kd2 Rxb3 46. Kc2 Rc3+ 47. Kb2 Rc4 48. Kb3 Rxd4 49. Rxb4 Rxb4+ 50. Kxb4 Kc6 51. Kc4 a6 52. h4 g5 53. h5 g4 54. g3 Kd6 55. Kd4 Ke6 56. Kc5 Ke5 57. Kb6 Ke4 58. Kxa6 Kf3 59. Kb5 Kxf2 60. a6 Kxg3 61. a7 f4 62. a8Q f3 63. Kc4 Kf2 64. Kd3 g3 65. Qa7+ Kg2 66. Qb7 Kf2 67. Qb2+ Kg1 68. Qd4+ f2 69. Ke2 Kg2 70. Qd1 Kh2 1-0

[Event "Chigorin Memorial 17th"]
[Site "St Petersburg"]
[Date "2009.10.20"]
[Round "5"]
[White "Komarov, Andrei"]
[Black "Bronnikova, Elizaveta"]
[Result "1-0"]
[WhiteElo "2020"]
[BlackElo "2290"]
[PlyCount "151"]
[EventDate "2009.10.16"]
[EventType "swiss"]
[EventRounds "9"]
[EventCountry "RUS"]
[SourceTitle "CBM 132 Extra"]
[Source "ChessBase"]
[SourceDate "2009.11.03"]
[SourceVersion "1"]
[SourceVersionDate "2009.11.03"]
[SourceQuality "1"]

1. e4 c5 2. Nf3 d6 3. d4 cxd4 4. Nxd4 Nf6 5. Nc3 Nc6 6. Bc4 Qb6 7. Nb3 e6 8. 0-0 a6 9. a4 Ne5 10. Be2 Bd7 11. Be3 Qc7 12. a5 Nc4 13. Bxc4 Qxc4 14. Qf3 Be7 15. Qg3 Nxe4 16. Qxg7 0-0-0 17. Qxf7 Nxc3 18. Qxe7 Ne2+ 19. Kh1 Bc6 20. f3 Rhe8 21. Qf7 Rf8 22. Qe7 Rfe8 23. Qf7 Rf8 24. Qe7 Rg8 25. Rf2 e5 26. Nd2 Qb5 27. c4 Qxb2 28. Rb1 Ng3+ 29. hxg3 Qc3 30. Bb6 Rd7 31. Qe6 Rf8 32. Qg4 h5 33. Qg5 Rdf7 34. Qe3 Qc2 35. Re1 Qg6 36. Ne4 Bxe4 37. Qxe4 Qxg3 38. Rff1 Rf4 39. Bf2 Qg8 40. Qd5 Rxc4 41. Qxg8 Rxg8 42. Rc1 Rc6 43. Rcd1 Kd7 44. Rd2 Ke6 45. Rfd1 Rd8 46. Rd5 Rc2 47. Bh4 Rd7 48. R1d2 Rxd2 49. Rxd2 d5 50. Rb2 d4 51. Kg1 Kd5 52. Kf1 Kc4 53. Ke2 Kc3 54. Ra2 Rg7 55. Kd1 Rg6 56. Be1+ Kd3 57. Rd2+ Kc3 58. g3 Rg5 59. Ke2 Rg6 60. Ra2+ Kb3 61. Ra1 Kb2 62. Ra4 b5 63. axb6 Rxb6 64. Rb4+ Rxb4 65. Bxb4 Kb3 66. Bd6 Kc2 67. Bb4 Kb3 68. Ba5 Kc4 69. Kd2 Kb5 70. Bc7 a5 71. Bxe5 Kc4 72. Bd6 a4 73. Be7 d3 74. Bf6 a3 75. f4 a2 76. Ba1 1-0

[Event "St Petersburg Chigorin CC-ch"]
[Site "St Petersburg"]
[Date "2009.05.19"]
[Round "1"]
[White "Yerastov, Alexey"]
[Black "Komarov, Andrei"]
[Result "0-1"]
[WhiteElo "2238"]
[BlackElo "1980"]
[PlyCount "76"]
[EventDate "2009.05.19"]
[EventType "swiss"]
[EventRounds "9"]
[EventCountry "RUS"]
[SourceTitle "CBM 130 Extra"]
[Source "ChessBase"]
[SourceDate "2009.07.02"]
[SourceVersion "2"]
[SourceVersionDate "2009.07.15"]
[SourceQuality "1"]

1. g3 Nf6 2. Bg2 d6 3. d4 c6 4. e4 Nbd7 5. Nc3 e5 6. Nge2 Be7 7. 0-0 0-0 8. h3 Re8 9. Be3 Bf8 10. a4 exd4 11. Bxd4 Ne5 12. f4 Ng6 13. Qd3 a5 14. Rad1 Qe7 15. Rfe1 h5 16. Bf2 Qc7 17. Qf3 Bd7 18. Nd4 Qc8 19. Kh2 Qc7 20. Rd2 Rad8 21. Red1 Bc8 22. Nb3 Be7 23. Bd4 h4 24. g4 d5 25. e5 Nd7 26. Kh1 Bb4 27. Qf2 Rf8 28. Re2 Rde8 29. Rf1 b6 30. Rd1 Ba6 31. Ree1 Qb8 32. Be3 Nc5 33. Nxc5 bxc5 34. f5 Rxe5 35. Bxc5 Bxc5 36. Qxc5 Nf4 37. b3 Nxg2 38. Kxg2 Rxe1 0-1

[Event "St Petersburg March op"]
[Site "St Petersburg"]
[Date "2009.04.09"]
[Round "9"]
[White "Solovyov, Viktor"]
[Black "Komarov, Andrei"]
[Result "1-0"]
[WhiteElo "2194"]
[BlackElo "2020"]
[PlyCount "91"]
[EventDate "2009.03.30"]
[EventType "swiss"]
[EventRounds "9"]
[EventCountry "RUS"]
[SourceTitle "EXT 2012"]
[Source "ChessBase"]
[SourceDate "2011.11.24"]
[SourceVersion "1"]
[SourceVersionDate "2011.11.24"]
[SourceQuality "1"]

1. Nf3 Nf6 2. c4 d6 3. d4 c6 4. Nc3 Nbd7 5. e4 e5 6. Be2 Be7 7. 0-0 a6 8. d5 Nc5 9. Qc2 cxd5 10. cxd5 Qc7 11. Qb1 0-0 12. b4 Ncd7 13. Bd2 b5 14. Rc1 Qb8 15. a4 bxa4 16. Rxa4 Nb6 17. Ra2 Bb7 18. Be3 Nfd7 19. Nd2 Rc8 20. Qb3 Rc7 21. Rca1 Qc8 22. Nd1 f5 23. f3 h6 24. Qb1 Bg5 25. Nb3 Nc4 26. Bxc4 Rxc4 27. Na5 Rc7 28. Bxg5 hxg5 29. Ne3 fxe4 30. fxe4 Nf6 31. Nf5 Ne8 32. h3 g6 33. Nh6+ Kg7 34. Ng4 Ra7 35. Qb2 Ba8 36. Qd2 Qd8 37. Kh2 Rc8 38. Rf1 Rf7 39. Rxf7+ Kxf7 40. Qd3 Nc7 41. Rf2+ Kg7 42. Qe3 Nb5 43. Nf6 Nd4 44. Qxg5 Qh8 45. Ng4 Re8 46. Qf6+ 1-0

[Event "St Petersburg Autumn op"]
[Site "St Petersburg"]
[Date "2009.??.??"]
[Round "8"]
[White "Komarov, Andrei"]
[Black "Khatenever, Feliks"]
[Result "1/2-1/2"]
[WhiteElo "2020"]
[BlackElo "1925"]
[PlyCount "34"]
[EventDate "2009.10.??"]
[EventType "swiss"]
[EventRounds "9"]
[EventCountry "RUS"]
[SourceTitle "EXT 2011"]
[Source "ChessBase"]
[SourceDate "2010.11.26"]
[SourceVersion "1"]
[SourceVersionDate "2010.11.26"]
[SourceQuality "1"]

1. Nf3 d5 2. c3 Nf6 3. d3 g6 4. Nbd2 Bg7 5. e4 dxe4 6. dxe4 0-0 7. Bc4 Nc6 8. 0-0 Bg4 9. Qe2 e5 10. h3 Bd7 11. b4 Nh5 12. Ne1 Nf4 13. Qf3 b5 14. Bb3 a5 15. Nc2 axb4 16. Nxb4 Nxb4 17. cxb4 Qe7 1/2-1/2

[Event "St Petersburg Autumn op"]
[Site "St Petersburg"]
[Date "2009.??.??"]
[Round "5"]
[White "Zorin, Roman"]
[Black "Komarov, Andrei"]
[Result "1/2-1/2"]
[WhiteElo "2065"]
[BlackElo "2020"]
[PlyCount "38"]
[EventDate "2009.10.??"]
[EventType "swiss"]
[EventRounds "9"]
[EventCountry "RUS"]
[SourceTitle "EXT 2011"]
[Source "ChessBase"]
[SourceDate "2010.11.26"]
[SourceVersion "1"]
[SourceVersionDate "2010.11.26"]
[SourceQuality "1"]

1. e4 c5 2. Nc3 Nc6 3. Bb5 g6 4. Bxc6 bxc6 5. d3 Bg7 6. f4 d6 7. Nf3 Nh6 8. 0-0 f5 9. Kh1 0-0 10. Qe1 Nf7 11. Bd2 Rb8 12. b3 Qc7 13. a4 fxe4 14. dxe4 c4 15. b4 Rxb4 16. Nb5 cxb5 17. Bxb4 Bxa1 18. Qxa1 a5 19. Bd2 b4 1/2-1/2

[Event "St Petersburg Chigorin CC-ch"]
[Site "St Petersburg"]
[Date "2008.05.19"]
[Round "5"]
[White "Fateev, Michail"]
[Black "Komarov, Andrei"]
[Result "1-0"]
[WhiteElo "2102"]
[BlackElo "1999"]
[PlyCount "66"]
[EventDate "2008.05.13"]
[EventType "swiss"]
[EventRounds "9"]
[EventCountry "RUS"]
[SourceTitle "CBM 124 Extra"]
[Source "ChessBase"]
[SourceDate "2008.07.03"]
[SourceVersion "1"]
[SourceVersionDate "2008.07.03"]
[SourceQuality "1"]

1. e4 c5 2. Nf3 Nc6 3. c4 g6 4. d4 cxd4 5. Nxd4 Bg7 6. Be3 d6 7. Nc3 Nh6 8. Be2 0-0 9. f3 f5 10. Qd2 Nf7 11. exf5 gxf5 12. f4 Nxd4 13. Bxd4 e5 14. Be3 Be6 15. Nd5 Bxd5 16. Qxd5 exf4 17. Bxf4 Qe7 18. Kf2 Kh8 19. Bf3 Ne5 20. Rhe1 Qh4+ 21. Bg3 Qf6 22. Kf1 Rae8 23. Bh5 Rc8 24. Rad1 f4 25. Bf2 Nxc4 26. Bd4 Ne5 27. Bc3 Qh4 28. Bf3 Rcd8 29. h3 Qg3 30. Qxb7 Bf6 31. Be4 Rd7 32. Qd5 Rg7 33. Qxd6 Rd7 1-0

[Event "St Petersburg March op"]
[Site "St Petersburg"]
[Date "2008.03.28"]
[Round "7"]
[White "Glazov, Anatoly"]
[Black "Komarov, Andrei"]
[Result "1-0"]
[WhiteElo "1939"]
[BlackElo "1999"]
[PlyCount "47"]
[EventDate "2008.03.22"]
[EventType "swiss"]
[EventRounds "9"]
[EventCountry "RUS"]
[SourceTitle "EXT 2010"]
[Source "ChessBase"]
[SourceDate "2010.11.25"]
[SourceVersion "1"]
[SourceVersionDate "2010.11.25"]
[SourceQuality "1"]

1. Nf3 d5 2. c4 e6 3. d4 c6 4. b3 Nf6 5. Bg5 Nbd7 6. Nbd2 Qa5 7. a3 dxc4 8. b4 Qd5 9. e4 Nxe4 10. Bxc4 Qf5 11. Be3 Nc3 12. Qb3 Nd5 13. g4 Qf6 14. Bg5 Qg6 15. Bd3 f5 16. gxf5 exf5 17. 0-0-0 Bd6 18. Rde1+ Kf8 19. Rhg1 Qf7 20. Nc4 Bf4+ 21. Bxf4 Nxf4 22. Nd6 Nxd3+ 23. Qxd3 Qh5 24. Rg5 1-0

[Event "St Petersburg March op"]
[Site "St Petersburg"]
[Date "2008.03.26"]
[Round "5"]
[White "Donskov, Anatoly"]
[Black "Komarov, Andrei"]
[Result "1-0"]
[WhiteElo "2066"]
[BlackElo "1999"]
[PlyCount "57"]
[EventDate "2008.03.22"]
[EventType "swiss"]
[EventRounds "9"]
[EventCountry "RUS"]
[SourceTitle "EXT 2010"]
[Source "ChessBase"]
[SourceDate "2010.11.25"]
[SourceVersion "1"]
[SourceVersionDate "2010.11.25"]
[SourceQuality "1"]

1. e4 c5 2. Nf3 Nc6 3. d4 cxd4 4. Nxd4 g6 5. Nc3 Bg7 6. Be3 Nf6 7. Bc4 0-0 8. Bb3 d6 9. f3 Bd7 10. Qd2 Ne5 11. 0-0-0 Rc8 12. Kb1 Nc4 13. Bxc4 Rxc4 14. g4 a6 15. h4 b5 16. h5 b4 17. Nce2 a5 18. Bh6 Qc7 19. hxg6 fxg6 20. Bxg7 Kxg7 21. Qh6+ Kg8 22. Nf4 Rf7 23. Nxg6 Rg7 24. Nxe7+ Rxe7 25. Qxf6 Rf7 26. Qg5+ Kh8 27. Rh2 a4 28. Qd5 Bc8 29. Nb5 1-0